00177nam a2200073Ia 4500008004100000082001500041100002500056245002200081240331s9999 xx 000 0 und d a294.3bBUD aBurlingame, E.W. tr. 0aBuddhist parables